<?xml version="1.0" encoding="UTF-8"?>
<record
    xmlns:xsi="http://www.w3.org/2001/XMLSchema-instance"
    xsi:schemaLocation="http://www.loc.gov/MARC21/slim http://www.loc.gov/standards/marcxml/schema/MARC21slim.xsd"
    xmlns="http://www.loc.gov/MARC21/slim">

  <leader>00507    a2200169   4500</leader>
  <controlfield tag="003">OSt</controlfield>
  <controlfield tag="005">20240123123022.0</controlfield>
  <controlfield tag="008">240123b        |||||||| |||| 00| 0 eng d</controlfield>
  <datafield tag="040" ind1=" " ind2=" ">
    <subfield code="c">oclc</subfield>
  </datafield>
  <datafield tag="082" ind1=" " ind2=" ">
    <subfield code="a">954.83</subfield>
    <subfield code="b">CHE/M</subfield>
  </datafield>
  <datafield tag="100" ind1=" " ind2=" ">
    <subfield code="a">Cherumuttam, Umair Bukhari</subfield>
    <subfield code="9">10306</subfield>
  </datafield>
  <datafield tag="245" ind1=" " ind2=" ">
    <subfield code="a">Malabar Samaram Rakthasakshi Nigandu /</subfield>
    <subfield code="c">Umair Bukhari Cherumuttam</subfield>
  </datafield>
  <datafield tag="250" ind1=" " ind2=" ">
    <subfield code="a">1st ed.</subfield>
  </datafield>
  <datafield tag="260" ind1=" " ind2=" ">
    <subfield code="a">Calicut:</subfield>
    <subfield code="b">IPB Books,</subfield>
    <subfield code="c">2021.</subfield>
  </datafield>
  <datafield tag="300" ind1=" " ind2=" ">
    <subfield code="a">102p.</subfield>
  </datafield>
  <datafield tag="942" ind1=" " ind2=" ">
    <subfield code="2">ddc</subfield>
    <subfield code="c">BK</subfield>
    <subfield code="h">954.83</subfield>
    <subfield code="i">CHE/M</subfield>
    <subfield code="k">954.83</subfield>
    <subfield code="m">CHE/M</subfield>
  </datafield>
  <datafield tag="952" ind1=" " ind2=" ">
    <subfield code="0">0</subfield>
    <subfield code="1">0</subfield>
    <subfield code="2">ddc</subfield>
    <subfield code="4">0</subfield>
    <subfield code="7">0</subfield>
    <subfield code="8">HISTORY</subfield>
    <subfield code="a">MES</subfield>
    <subfield code="b">MES</subfield>
    <subfield code="c">ISL</subfield>
    <subfield code="d">2024-01-23</subfield>
    <subfield code="l">0</subfield>
    <subfield code="o">954.83 CHE/M</subfield>
    <subfield code="p">44963</subfield>
    <subfield code="r">2024-01-23 12:30:55</subfield>
    <subfield code="v">100.00</subfield>
    <subfield code="w">2024-01-23</subfield>
    <subfield code="y">BK</subfield>
    <subfield code="z">GL44R3</subfield>
  </datafield>
  <datafield tag="999" ind1=" " ind2=" ">
    <subfield code="c">43301</subfield>
    <subfield code="d">43301</subfield>
  </datafield>
</record>
